Partner commerciali più grandi - Svizzera - Statistics

Statistiche generali
  • Questo quiz è stato fatto 134 volte
  • Il punteggio medio è 15 su 19
Statistiche sulle risposte
esportazioni importazioni nazione % Corretto
14,9 bil 19,8 bil Italia
100%
17,7 bil 16,4 bil Francia
99%
37,0 bil 24,0 bil Stati Uniti
99%
43,7 bil 52,0 bil Germania
98%
7,56 bil 7,89 bil Austria
95%
45,9 bil 20,8 bil Cina
95%
5,70 bil 5,16 bil Spagna
95%
6,22 bil 4,85 bil Belgio
91%
3,53 bil Canada
91%
5,13 bil 5,06 bil Paesi Bassi
90%
32,7 bil 19,1 bil Regno Unito
90%
7,70 bil 3,59 bil Giappone
89%
14,6 bil India
85%
3,07 bil Turchia
65%
7,81 bil Irlanda
53%
2,96 bil Corea del Sud
46%
5,05 bil Thailandia
39%
4,35 bil 16,6 bil Emirati Arabi Uniti
31%
6,52 bil 3,42 bil Singapore
18%
Nessun quiz corrispondente trovato
Distribuzione punteggi
Percentuale di utenti per punteggio
Percentile per numero di risposta
I tuoi punteggi nel tempo
Non hai fatto questo quiz